LEADER 01009nam0-2200361---450- 001 990008617720403321 005 20080216133319.0 010 $a978-0-387-30654-4 035 $a000861772 035 $aFED01000861772 035 $a(Aleph)000861772FED01 035 $a000861772 100 $a20080216d2008----km-y0itay50------ba 101 0 $aeng 102 $aUS 105 $aa-------001yy 200 1 $a<>introduction to sequential dynamical systems$fH. S. Mortveit, C. M. Reidys 210 $aNew York$cSpringer$dc2008 215 $axii, 248 p.$d24 cm 225 1 $aUniversitext 610 0 $aDinamica topologica 676 $a515.39$v22 700 1$aMortveit,$bHennings S.$0503059 701 1$aReidys,$bChristian M$0503060 801 0$aIT$bUNINA$gRICA$2UNIMARC 901 $aBK 912 $a990008617720403321 952 $aC-6-(187$b22964$fMA1 959 $aMA1 962 $a37BXX 962 $a05CXX 996 $aIntroduction to sequential dynamical systems$9715010 997 $aUNINA LEADER 00937cam0 2200277 450 001 E600200002611 005 20260204105513.0 100 $a20040526d1963 |||||ita|0103 ba 101 $aita 102 $aIT 200 1 $aAmedeo Modigliani$f[testi di Franco Russoli] 210 $aMilano$cFabbri$d1963 215 $a[8] p., XVI c. di tav.$cill.$d36 cm 225 2 $amaestri del colore$v9 410 1$1001LAEC00020216$12001 $aI *maestri del colore$v9 700 1$aModigliani$b, Amedeo$3AF00011660$4070$0213003 702 1$aRussoli, Franco$3AF00011877$4070 801 0$aIT$bUNISOB$c20260204$gRICA 850 $aUNISOB 852 $aUNISOB$j700|Coll|48|K$m84359 912 $aE600200002611 940 $aM 102 Monografia moderna SBN 941 $aM 957 $a700|Coll|48|K$b000009$gSI$d84359$racquisto$1vasca$2UNISOB$3UNISOB$420040526074850.0$520230711103509.0$6Spinosa 996 $aAmedeo Modigliani$9601865 997 $aUNISOB